[Event "Rated Blitz game"]
[Site "?"]
[Date "2021.06.14"]
[Round "?"]
[White "Mulika13"]
[Black "KinzyabulatovRenat"]
[Result "1-0"]
[WhiteElo "2485"]
[BlackElo "2445"]
[PlyCount "59"]
[EventDate "2021.??.??"]
[EventType "blitz"]

1. e4 e5 2. Nf3 Nc6 3. c3 Nf6 4. d4 exd4 5. e5 Ne4 6. cxd4 d5 7. Bb5 Bb4+ 8.
Nbd2 O-O 9. O-O Bg4 10. Bxc6 bxc6 11. Qc2 c5 12. dxc5 Bxc5 13. Nxe4 dxe4 14.
Qxe4 Be6 15. Be3 Bxe3 16. Qxe3 Rb8 17. Rfd1 Qe7 18. b3 a5 19. Rac1 a4 20. Nd4
axb3 21. Nc6 Qa3 22. Nxb8 Rxb8 23. axb3 g6 24. Rxc7 Kg7 25. Qg5 h5 26. Qf6+ Kh6
27. h4 Qxb3 28. Rd8 Rxd8 29. Qxd8 Qb4 30. Qh8# {Normal} 1-0

[Event "Rated Blitz game"]
[Site "?"]
[Date "2021.06.14"]
[Round "?"]
[White "IBERMAN"]
[Black "Brachi"]
[Result "1-0"]
[WhiteElo "2400"]
[BlackElo "2446"]
[PlyCount "25"]
[EventDate "2021.??.??"]
[EventType "blitz"]

1. e4 e5 2. Nf3 Nc6 3. c3 Nf6 4. d4 Nxe4 5. d5 Ne7 6. Nxe5 d6 7. Bb5+ c6 8.
dxc6 bxc6 9. Nxc6 Nxc6 10. Bxc6+ Bd7 11. Bxe4 Rb8 12. O-O Be7 13. Qc2 {Normal}
1-0

[Event "Rated Blitz game"]
[Site "?"]
[Date "2021.06.14"]
[Round "?"]
[White "Error_PleaseWait"]
[Black "jgeg"]
[Result "0-1"]
[WhiteElo "2573"]
[BlackElo "2573"]
[PlyCount "108"]
[EventDate "2021.??.??"]
[EventType "blitz"]

1. e4 e5 2. Nf3 Nc6 3. c3 Nf6 4. Bd3 d5 5. exd5 Qxd5 6. Qe2 Bg4 7. Bc2 O-O-O 8.
d3 h6 9. Nbd2 Bc5 10. Ne4 Be7 11. Bd2 Rhe8 12. h3 Bh5 13. g4 Bg6 14. Rg1 Qb5
15. b4 Qb6 16. a4 Nd5 17. a5 Qa6 18. h4 Nf4 19. Bxf4 exf4 20. Kf1 Bf8 21. Re1
Ne5 22. Nxe5 Rxe5 23. d4 Qxe2+ 24. Rxe2 f3 25. Re3 Re6 26. h5 Bh7 27. Rg3 Rde8
28. Rgxf3 Bxe4 29. Bxe4 Rxe4 30. Rxe4 Rxe4 31. Rxf7 Re8 32. Kg2 a6 33. f4 Bd6
34. Kf3 Rf8 35. Rxf8+ Bxf8 36. g5 Kd7 37. Ke4 Ke6 38. d5+ Kf7 39. Kf5 Bd6 40.
Kg4 b6 41. axb6 cxb6 42. Kf5 a5 43. bxa5 bxa5 44. Ke4 a4 45. gxh6 gxh6 46. Kd3
a3 47. Kc2 Bxf4 48. Kb3 Bd6 49. c4 Kf6 50. Ka2 Bc5 51. Kb3 Ke5 52. Ka2 Kd4 53.
Kb3 Bd6 54. Ka2 Kxc4 {Normal} 0-1

[Event "Rated Blitz game"]
[Site "?"]
[Date "2021.06.14"]
[Round "?"]
[White "Baluk"]
[Black "coca-colaa"]
[Result "1-0"]
[WhiteElo "2404"]
[BlackElo "2443"]
[PlyCount "49"]
[EventDate "2021.??.??"]
[EventType "blitz"]

1. e4 e5 2. Nf3 Nc6 3. c3 Nf6 4. d4 Nxe4 5. d5 Ne7 6. Nxe5 Ng6 7. Bd3 Nxc3 8.
Nxc3 Nxe5 9. O-O Nxd3 10. Qxd3 Be7 11. d6 cxd6 12. Re1 O-O 13. Nd5 Bg5 14. f4
Bf6 15. g4 Bh4 16. Re3 Re8 17. Rh3 Qa5 18. Bd2 Qc5+ 19. Be3 Rxe3 20. Rxe3 g6
21. b4 Qc6 22. Re8+ Kg7 23. Qd4+ f6 24. g5 Kf7 25. Qxf6+ {Normal} 1-0

[Event "Rated Blitz game"]
[Site "?"]
[Date "2021.06.14"]
[Round "?"]
[White "eduardo_tunguia"]
[Black "forbiddencheapos"]
[Result "1-0"]
[WhiteElo "2398"]
[BlackElo "2452"]
[PlyCount "87"]
[EventDate "2021.??.??"]
[EventType "blitz"]

1. e4 e5 2. Nf3 Nc6 3. c3 Nf6 4. d3 d5 5. Qc2 a6 6. Be2 dxe4 7. dxe4 Bc5 8. O-O
h6 9. h3 O-O 10. Nbd2 Qe7 11. Nc4 b5 12. Ne3 Bb7 13. Nd5 Nxd5 14. exd5 Nb8 15.
b4 Bb6 16. Rd1 Nd7 17. a3 Nf6 18. c4 bxc4 19. Bxc4 Rad8 20. Bb2 e4 21. Nh4 Nxd5
22. Nf5 Qg5 23. Bxd5 Rxd5 24. Rxd5 Bxd5 25. Qc3 e3 26. Ne7+ Kh8 27. Nxd5 exf2+
28. Kh1 Re8 29. Rf1 Re1 30. Rxe1 fxe1=Q+ 31. Qxe1 Qxd5 32. Qc3 f6 33. a4 Qd1+
34. Kh2 Bg1+ 35. Kg3 Qe1+ 36. Kf3 Qxc3+ 37. Bxc3 Kg8 38. Ke4 Kf7 39. Kd5 Ke7
40. Kc6 Kd8 41. Kb7 Kd7 42. Kxa6 Kc6 43. Bd2 Kd5 44. Bf4 {Time forfeit} 1-0

[Event "Rated Blitz game"]
[Site "?"]
[Date "2021.06.14"]
[Round "?"]
[White "Bibekthing"]
[Black "olarovfan"]
[Result "0-1"]
[WhiteElo "2535"]
[BlackElo "2559"]
[PlyCount "94"]
[EventDate "2021.??.??"]
[EventType "blitz"]

1. e4 e5 2. Nf3 Nc6 3. c3 Nf6 4. d4 d6 5. Bb5 Bd7 6. O-O Be7 7. Nbd2 O-O 8.
Bxc6 Bxc6 9. dxe5 Nxe4 10. Re1 Nxd2 11. Bxd2 Bxf3 12. Qxf3 dxe5 13. Bc1 c6 14.
Rxe5 Bd6 15. Re2 Qc7 16. g3 Rfe8 17. Be3 a5 18. Rae1 a4 19. Qg4 Bf8 20. h4 Re6
21. Bf4 Rxe2 22. Rxe2 Qd8 23. h5 Qd1+ 24. Kg2 Re8 25. Be3 h6 26. Qf3 Re5 27. g4
Rd5 28. Bd4 f6 29. Re8 Qxf3+ 30. Kxf3 Kf7 31. Rb8 Rb5 32. c4 Rb4 33. Bc3 Rxc4
34. Rxb7+ Ke6 35. Ra7 a3 36. Ke2 axb2 37. Bxb2 Rc2+ 38. Kd3 Rxb2 39. f4 Bd6 40.
Rxg7 Kd5 41. Rg6 Rxa2 42. Rxf6 Ra3+ 43. Ke2 Bc5 44. Rf5+ Ke4 45. Rf6 Ra2+ 46.
Kd1 Bd4 47. Re6+ Kd3 {Time forfeit} 0-1

[Event "Rated Blitz game"]
[Site "?"]
[Date "2021.06.14"]
[Round "?"]
[White "bkara"]
[Black "hugo12"]
[Result "0-1"]
[WhiteElo "2488"]
[BlackElo "2435"]
[PlyCount "24"]
[EventDate "2021.??.??"]
[EventType "blitz"]

1. e4 e5 2. Nf3 Nc6 3. c3 Nf6 4. d4 Nxe4 5. d5 Nb8 6. Nxe5 Be7 7. Qg4 Nd6 8.
Bd3 O-O 9. O-O f5 10. Qh5 Bf6 11. Bxf5 Nxf5 12. Qxf5 d6 {Normal} 0-1

[Event "Rated Blitz game"]
[Site "?"]
[Date "2021.06.14"]
[Round "?"]
[White "Bibekthing"]
[Black "olarovfan"]
[Result "1-0"]
[WhiteElo "2532"]
[BlackElo "2564"]
[PlyCount "61"]
[EventDate "2021.??.??"]
[EventType "blitz"]

1. e4 e5 2. Nf3 Nc6 3. c3 Nf6 4. d4 d6 5. dxe5 Nxe5 6. Nxe5 dxe5 7. Qxd8+ Kxd8
8. f3 Be6 9. Nd2 c6 10. Bc4 Ke7 11. b3 Bxc4 12. Nxc4 Ke6 13. Ke2 Nd7 14. Be3 a5
15. Rhd1 b5 16. Nb6 Nxb6 17. Bxb6 a4 18. b4 Rb8 19. Ba5 Be7 20. Rd3 Rhc8 21.
Rad1 Rb7 22. g3 g6 23. f4 exf4 24. gxf4 f5 25. e5 g5 26. Kf3 Rg8 27. Bd8 gxf4
28. Bxe7 Rxe7 29. Rd6+ Kxe5 30. Rxc6 Reg7 31. Rcd6 {Normal} 1-0

[Event "Rated Blitz game"]
[Site "?"]
[Date "2021.06.14"]
[Round "?"]
[White "Milber"]
[Black "tigra522"]
[Result "1-0"]
[WhiteElo "2494"]
[BlackElo "2508"]
[PlyCount "53"]
[EventDate "2021.??.??"]
[EventType "blitz"]

1. e4 e5 2. Nf3 Nc6 3. c3 Nf6 4. d4 exd4 5. e5 Ne4 6. cxd4 d5 7. Bd3 Bb4+ 8.
Bd2 Nxd2 9. Nbxd2 O-O 10. a3 Ba5 11. O-O f6 12. exf6 Qxf6 13. Nb3 Bb6 14. Be2
Bg4 15. h3 Bh5 16. Rc1 Rad8 17. Rc3 Ne7 18. Nc5 Rb8 19. Nd7 Qd6 20. Nxb8 Rxb8
21. Re1 c6 22. Re3 Nf5 23. Rd3 Bc7 24. Ne5 Bxe2 25. Rxe2 Rf8 26. Qd2 h6 27. Rf3
{Normal} 1-0

[Event "Rated Blitz game"]
[Site "?"]
[Date "2021.06.14"]
[Round "?"]
[White "wallie666"]
[Black "YourcenarM"]
[Result "1-0"]
[WhiteElo "2430"]
[BlackElo "2461"]
[PlyCount "99"]
[EventDate "2021.??.??"]
[EventType "blitz"]

1. e4 e5 2. Nf3 Nc6 3. c3 Nf6 4. d4 exd4 5. e5 Nd5 6. Qb3 Nb6 7. cxd4 d5 8. Nc3
Be7 9. Be3 O-O 10. h4 Bf5 11. Qd1 Qd7 12. Bd3 h6 13. O-O Nd8 14. Rc1 c6 15. a4
Bxd3 16. Qxd3 f5 17. exf6 Bxf6 18. b3 Nc8 19. Ne5 Bxe5 20. dxe5 Qf5 21. Qxf5
Rxf5 22. f4 h5 23. Ne2 Ne6 24. Ng3 Ne7 25. Nxf5 Nxf5 26. Rce1 c5 27. Kh2 d4 28.
Bd2 b6 29. Kh3 g6 30. g4 Kf7 31. gxf5 gxf5 32. a5 b5 33. Rc1 Rc8 34. Rg1 c4 35.
bxc4 bxc4 36. Rg3 c3 37. Bxc3 dxc3 38. Rgxc3 Nxf4+ 39. Kh2 Rg8 40. Rc7+ Ke6 41.
Re1 Rg4 42. Rc6+ Kd5 43. Rd6+ Kc5 44. Rc1+ Kb5 45. e6 Rxh4+ 46. Kg3 Rg4+ 47.
Kf3 h4 48. e7 Rg8 49. Rd8 Rg3+ 50. Kxf4 {Normal} 1-0

[Event "Rated Blitz game"]
[Site "?"]
[Date "2021.06.14"]
[Round "?"]
[White "Tois2010"]
[Black "MknRobok"]
[Result "0-1"]
[WhiteElo "2587"]
[BlackElo "2640"]
[PlyCount "62"]
[EventDate "2021.??.??"]
[EventType "blitz"]

1. e4 e5 2. Nf3 Nc6 3. c3 Nf6 4. Bd3 d5 5. exd5 Qxd5 6. Bc2 e4 7. Qe2 Be7 8.
Nd4 Nxd4 9. cxd4 Qxd4 10. Nc3 Bf5 11. O-O O-O 12. Qb5 Bc8 13. Qe2 Bf5 14. Qb5
Bc5 15. Qxb7 Ng4 16. Qd5 Nxf2 17. Qxd4 Bxd4 18. Rxf2 Bxf2+ 19. Kxf2 e3+ 20.
Kxe3 Bxc2 21. d4 c6 22. Kd2 Bf5 23. b3 Rfe8 24. Bb2 Rad8 25. Na4 Bg4 26. Re1
Rxe1 27. Kxe1 Re8+ 28. Kd2 Re2+ 29. Kc3 Rxg2 30. Nc5 Rxh2 31. Nb7 Bf5 {Normal}
0-1

[Event "Rated Blitz game"]
[Site "?"]
[Date "2021.06.14"]
[Round "?"]
[White "argowilis"]
[Black "laportuaria10"]
[Result "0-1"]
[WhiteElo "2401"]
[BlackElo "2370"]
[PlyCount "84"]
[EventDate "2021.??.??"]
[EventType "blitz"]

1. e4 e5 2. Nf3 Nc6 3. c3 Nf6 4. Qc2 h6 5. h3 d6 6. d4 g6 7. Bb5 Bd7 8. O-O g5
9. Re1 Rg8 10. d5 a6 11. dxc6 axb5 12. cxd7+ Qxd7 13. Nh2 g4 14. h4 g3 15. fxg3
Rxg3 16. Re3 Rg6 17. Nd2 Qc6 18. Kh1 Be7 19. Ndf3 O-O-O 20. a4 b4 21. Bd2 Nh5
22. Rc1 Ng3+ 23. Kg1 Rdg8 24. cxb4 Qxc2 25. Rxc2 f5 26. exf5 Nxf5 27. Re2 e4
28. Rxe4 Rxg2+ 29. Kf1 Rxh2 30. Nxh2 Ng3+ 31. Ke1 Nxe4 32. Bxh6 Bxh4+ 33. Ke2
Rg2+ 34. Kd3 Nf2+ 35. Kc4 Rxh2 36. Kb3 Rh3+ 37. Ka2 Nd3 38. Rg2 Nxb4+ 39. Kb1
Rh1+ 40. Bc1 Nd3 41. Kc2 Ne1+ 42. Kb3 Nxg2 {Normal} 0-1

[Event "Rated Blitz game"]
[Site "?"]
[Date "2021.06.14"]
[Round "?"]
[White "IBERMAN"]
[Black "Ogloblin"]
[Result "0-1"]
[WhiteElo "2407"]
[BlackElo "2584"]
[PlyCount "114"]
[EventDate "2021.??.??"]
[EventType "blitz"]

1. e4 e5 2. Nf3 Nc6 3. c3 Nf6 4. d4 Nxe4 5. d5 Ne7 6. Nxe5 Ng6 7. Nxg6 hxg6 8.
Qd4 Nf6 9. Be3 d6 10. Nd2 Be7 11. Be2 a6 12. O-O-O c5 13. dxc6 bxc6 14. Kb1 d5
15. Ka1 Rb8 16. Nb3 O-O 17. h4 a5 18. h5 gxh5 19. Bxh5 Bf5 20. Qh4 Re8 21. Bg5
Nh7 22. f4 Bxg5 23. fxg5 Qxg5 24. Qh2 a4 25. Nd4 Be4 26. Bf3 Bg6 27. Nxc6 Rb5
28. a3 Rc5 29. Nb4 Qe5 30. Qxe5 Rxe5 31. Rxd5 Rcxd5 32. Nxd5 Ng5 33. Nf4 Bc2
34. Bd5 Rf5 35. g3 Be4 36. Bxe4 Nxe4 37. Nd5 Rf2 38. Nb6 Nxg3 39. Rd1 Rf4 40.
c4 Nf5 41. c5 Ne7 42. Rd8+ Kh7 43. Rd6 Rf2 44. c6 Rc2 45. Nxa4 Rxc6 46. Rxc6
Nxc6 47. Nc3 g5 48. Kb1 g4 49. Kc1 Kg6 50. Kd2 f5 51. Ke2 Kg5 52. Kf2 Nd4 53.
b4 f4 54. b5 g3+ 55. Kg2 Kg4 56. b6 f3+ 57. Kg1 Kh3 {Time forfeit} 0-1

[Event "Rated Blitz game"]
[Site "?"]
[Date "2021.06.14"]
[Round "?"]
[White "Mulika13"]
[Black "serzhi1966"]
[Result "0-1"]
[WhiteElo "2527"]
[BlackElo "2467"]
[PlyCount "58"]
[EventDate "2021.??.??"]
[EventType "blitz"]

1. e4 e5 2. Nf3 Nc6 3. c3 Nf6 4. d4 Nxe4 5. d5 Nb8 6. Nxe5 Qf6 7. Nf3 Bc5 8.
Qe2 Bxf2+ 9. Kd1 Qe7 10. Nbd2 Nxd2 11. Qxd2 Bc5 12. Bd3 O-O 13. Re1 Qf6 14. Qc2
h6 15. Re4 d6 16. Rf4 Qe7 17. a4 a5 18. b4 Bb6 19. Re4 Qd8 20. Re2 Nd7 21. Bf4
Nf6 22. Qb3 Re8 23. Rxe8+ Qxe8 24. Kc2 Bg4 25. Re1 Qf8 26. Nh4 Re8 27. Rxe8
Qxe8 28. h3 Bd7 29. Nf3 Bxa4 {Normal} 0-1

[Event "Rated Blitz game"]
[Site "?"]
[Date "2021.06.14"]
[Round "?"]
[White "mikromurks"]
[Black "Titan64"]
[Result "0-1"]
[WhiteElo "2497"]
[BlackElo "2333"]
[PlyCount "40"]
[EventDate "2021.??.??"]
[EventType "blitz"]

1. e4 e5 2. Nf3 Nc6 3. c3 d5 4. Qa4 dxe4 5. Nxe5 Nf6 6. Bb5 Bd7 7. Nxd7 Qxd7 8.
O-O Bd6 9. d4 O-O 10. Bg5 Ng4 11. h3 Nh2 12. Re1 Nf3+ 13. gxf3 Qxh3 14. f4 h6
15. Re3 Qh5 16. d5 hxg5 17. dxc6 gxf4 18. Rxe4 f3 19. Rh4 Qg5+ 20. Kf1 Qc1+ {
Normal} 0-1

[Event "Rated Blitz game"]
[Site "?"]
[Date "2021.06.14"]
[Round "?"]
[White "magos33"]
[Black "Mogilcheko_Tima_2007"]
[Result "0-1"]
[WhiteElo "2414"]
[BlackElo "2333"]
[PlyCount "86"]
[EventDate "2021.??.??"]
[EventType "blitz"]

1. e4 e5 2. Nf3 Nc6 3. c3 d5 4. Qa4 dxe4 5. Nxe5 Qd5 6. Bb5 Qxe5 7. Bxc6+ Kd8
8. Qxe4 Qd6 9. Bxb7 Nf6 10. Qf3 Qe5+ 11. Kf1 Qb5+ 12. Kg1 Bxb7 13. Qd1 Qc6 14.
f3 Bd6 15. d4 Re8 16. Bg5 Ba6 17. Nd2 Be2 18. Qc2 h6 19. Bxf6+ gxf6 20. Kf2 Ba6
21. Ne4 f5 22. Nxd6 Re2+ 23. Qxe2 Bxe2 24. Nxf7+ Kc8 25. Ne5 Qb5 26. b3 Kb7 27.
Rhe1 Bd3 28. c4 Bxc4 29. bxc4 Qb2+ 30. Kf1 Qxd4 31. Rab1+ Ka6 32. Rb5 c6 33.
Rb4 Re8 34. Ra4+ Kb7 35. Rb1+ Ka8 36. Rxa7+ Qxa7 37. Nxc6 Qa6 38. Rc1 Qxc6 39.
Kf2 Qc5+ 40. Kf1 Qe3 41. Ra1 Qe2+ 42. Kg1 Rd8 43. h3 Rd2 {Time forfeit} 0-1

[Event "Rated Blitz game"]
[Site "?"]
[Date "2021.06.14"]
[Round "?"]
[White "magos33"]
[Black "teddyhh"]
[Result "0-1"]
[WhiteElo "2366"]
[BlackElo "2480"]
[PlyCount "102"]
[EventDate "2021.??.??"]
[EventType "blitz"]

1. e4 e5 2. Nf3 Nc6 3. c3 Nf6 4. d4 Nxe4 5. d5 Nb8 6. Nxe5 Qe7 7. Qd4 Nf6 8.
Be3 d6 9. Bb5+ Nbd7 10. Nxd7 Bxd7 11. Bxd7+ Qxd7 12. O-O Be7 13. h3 Qb5 14. c4
Qd7 15. Nc3 O-O 16. Rfe1 Rfe8 17. Bg5 a6 18. Re2 Qf5 19. Be3 Bf8 20. Rae1 Re7
21. Bc1 Rae8 22. Rxe7 Rxe7 23. Rxe7 Bxe7 24. Qd1 h6 25. Be3 Ne4 26. Qc2 Ng3 27.
Qxf5 Nxf5 28. Bd2 Bf6 29. Nd1 Nd4 30. Kf1 Kf8 31. Bc3 Ke7 32. Bxd4 Bxd4 33. Ke2
c6 34. Kd3 Bc5 35. f4 Kf6 36. g4 h5 37. Ke4 hxg4 38. hxg4 g6 39. b3 Ke7 40. f5
Kf6 41. Nc3 Kg5 42. fxg6 fxg6 43. Kf3 Bb4 44. Ne4+ Kh6 45. Kf4 Kg7 46. g5 Kf7
47. Kg4 Ke7 48. a4 Ba3 49. Nf6 Bb2 50. Ne4 Be5 51. c5 cxd5 {Time forfeit} 0-1

[Event "Rated Blitz game"]
[Site "?"]
[Date "2021.06.14"]
[Round "?"]
[White "khatkevich71"]
[Black "chepukaitis1966"]
[Result "1-0"]
[WhiteElo "2414"]
[BlackElo "2344"]
[PlyCount "87"]
[EventDate "2021.??.??"]
[EventType "blitz"]

1. e4 e5 2. Nf3 Nc6 3. c3 d5 4. exd5 Qxd5 5. d4 e4 6. Nfd2 e3 7. fxe3 Nf6 8.
Qf3 Qd8 9. e4 Bg4 10. Qf2 Be7 11. Bb5 O-O 12. e5 Nd5 13. O-O f6 14. exf6 Rxf6
15. Qg3 Rxf1+ 16. Nxf1 Be6 17. Nbd2 Bd6 18. Qe1 Qf6 19. Ne4 Qg6 20. Nxd6 cxd6
21. Ng3 Re8 22. Qf1 Rf8 23. Qd3 Qg4 24. Bd2 h5 25. Qe4 Nce7 26. Qxg4 Bxg4 27.
h3 h4 28. Ne4 Bxh3 29. gxh3 Rf3 30. Nxd6 Rxh3 31. Bc4 Rg3+ 32. Kh2 Kh7 33. Bxd5
Nxd5 34. Rg1 Rd3 35. Bg5 Nc7 36. Bxh4 Rd2+ 37. Rg2 Rd1 38. Nf5 Ne6 39. Bg3 g6
40. Nd6 Ng5 41. Be5 Nf3+ 42. Kg3 Ne1 43. Rh2+ Kg8 44. Rh8# {Normal} 1-0

[Event "Sea Harbor Blitz 2021"]
[Site "Anapa RUS"]
[Date "2021.06.13"]
[Round "13.5"]
[White "Khruschiov, A."]
[Black "Nesterov, Arseniy"]
[Result "0-1"]
[WhiteElo "2382"]
[BlackElo "2479"]
[PlyCount "58"]
[EventDate "2021.06.13"]
[EventType "swiss"]
[SourceTitle "The Week in Chess 1388"]
[Source "Mark Crowther"]
[SourceDate "2021.06.14"]
[SourceVersion "1"]
[SourceVersionDate "2021.06.14"]
[SourceQuality "2"]

1. e4 e5 2. Nf3 Nc6 3. c3 d5 4. d3 Nf6 5. Nbd2 a5 6. Be2 Bc5 7. O-O O-O 8. b3
Re8 9. a3 Bg4 10. h3 Bh5 11. Nh4 Bg6 12. Nxg6 hxg6 13. Rb1 d4 14. b4 axb4 15.
axb4 Bd6 16. b5 dxc3 17. bxc6 cxd2 18. Qxd2 bxc6 19. Bb2 c5 20. Bd1 c4 21. dxc4
Nxe4 22. Qc2 Nc5 23. Re1 Qh4 24. Be2 e4 25. Bf1 e3 26. Rxe3 Rxe3 27. fxe3 Qg3
28. Qc3 Qh2+ 29. Kf2 Ne4+ 0-1

[Event "Sea Harbor Blitz 2021"]
[Site "Anapa RUS"]
[Date "2021.06.13"]
[Round "11.10"]
[White "Yakovlev, Egor"]
[Black "Turova, I."]
[Result "1-0"]
[WhiteElo "2228"]
[BlackElo "2381"]
[PlyCount "61"]
[EventDate "2021.06.13"]
[EventType "swiss"]
[SourceTitle "The Week in Chess 1388"]
[Source "Mark Crowther"]
[SourceDate "2021.06.14"]
[SourceVersion "1"]
[SourceVersionDate "2021.06.14"]
[SourceQuality "2"]

1. e4 e5 2. Nf3 Nc6 3. c3 d5 4. Qa4 Bd7 5. exd5 Nd4 6. Qd1 Nxf3+ 7. Qxf3 Nf6 8.
Bc4 Bd6 9. d3 h6 10. h3 O-O 11. O-O b5 12. Bb3 a5 13. a3 Bc8 14. Nd2 Bb7 15. c4
b4 16. Ne4 Nd7 17. Qg3 Kh8 18. Be3 f5 19. c5 fxe4 20. cxd6 exd3 21. dxc7 Qxc7
22. Qh4 Qd6 23. Qe4 Rfc8 24. Qxd3 Ba6 25. Qe4 Bxf1 26. Rxf1 Nf6 27. Qg6 e4 28.
g3 Qe5 29. Bxh6 gxh6 30. Qxh6+ Nh7 31. Qg6 1-0

[Event "Rated Blitz game"]
[Site "?"]
[Date "2021.06.13"]
[Round "?"]
[White "Baluk"]
[Black "retardedplatypus123"]
[Result "0-1"]
[WhiteElo "2412"]
[BlackElo "2523"]
[PlyCount "66"]
[EventDate "2021.??.??"]
[EventType "blitz"]

1. e4 e5 2. Nf3 Nc6 3. c3 d5 4. Qa4 f6 5. Bb5 Nge7 6. exd5 Qxd5 7. O-O Bd7 8.
d4 a6 9. Bc4 Qa5 10. Qb3 O-O-O 11. dxe5 Nxe5 12. Nxe5 Qxe5 13. Be3 Nc6 14. Qc2
Bf5 15. Qe2 Bc5 16. Re1 Rhe8 17. Na3 Bxe3 18. fxe3 Qc5 19. Bxa6 bxa6 20. Qxa6+
Kb8 21. Qf1 Rxe3 22. Rxe3 Qxe3+ 23. Kh1 Qc5 24. Re1 Rd2 25. Nb1 Rxb2 26. c4 Kb7
27. Nc3 Nd4 28. Na4 Qb4 29. Nxb2 Qxb2 30. Rd1 Be4 31. h3 Nf5 32. c5 Ng3+ 33.
Kh2 Nxf1+ {Time forfeit} 0-1

[Event "Rated Blitz game"]
[Site "?"]
[Date "2021.06.13"]
[Round "?"]
[White "Cachul"]
[Black "serzhi1966"]
[Result "0-1"]
[WhiteElo "2391"]
[BlackElo "2472"]
[PlyCount "122"]
[EventDate "2021.??.??"]
[EventType "blitz"]

1. e4 e5 2. Nf3 Nc6 3. c3 Nf6 4. d4 Nxe4 5. d5 Nb8 6. Nxe5 Be7 7. Bd3 Nf6 8. c4
O-O 9. h3 Bc5 10. O-O Re8 11. Re1 d6 12. Nf3 c6 13. dxc6 Nxc6 14. Nc3 Rxe1+ 15.
Qxe1 Nb4 16. Bb1 Be6 17. a3 Nc6 18. b3 d5 19. cxd5 Nxd5 20. Ne4 Bb6 21. Bb2 h6
22. Bc2 Qc7 23. Rc1 Re8 24. Qd2 Qf4 25. Qxf4 Nxf4 26. Nd6 Rd8 27. Rd1 Rd7 28.
b4 a6 29. Ne5 Nxe5 30. Bxe5 Nd5 31. Nc4 Bc7 32. Bxc7 Rxc7 33. Bd3 Nxb4 34. axb4
Bxc4 35. Bxc4 Rxc4 36. b5 Rc7 37. bxa6 bxa6 38. Ra1 Ra7 39. Ra5 Kf8 40. f4 Ke7
41. Kf2 Kd6 42. Ke3 Kc6 43. Kd4 Kb6 44. Ra1 a5 45. Kd5 a4 46. Rb1+ Ka5 47. f5
a3 48. f6 gxf6 49. Ke4 a2 50. Ra1 Kb4 51. Kf5 Ra6 52. Ke4 Kb3 53. Kd3 Kb2 54.
Rf1 a1=Q 55. Rf2+ Kb3 56. Ke4 Rd6 57. Kf3 Qe5 58. Kg4 Rd4+ 59. Kf3 Rd3+ 60. Kg4
Rg3+ 61. Kh4 Qg5# {Normal} 0-1

[Event "Rated Blitz tournament i9pDQAMB"]
[Site "?"]
[Date "2021.06.13"]
[Round "?"]
[White "jamomo"]
[Black "ChSalas"]
[Result "0-1"]
[WhiteElo "2277"]
[BlackElo "2485"]
[PlyCount "98"]
[EventDate "2021.??.??"]
[EventType "blitz"]

1. e4 e5 2. Nf3 Nc6 3. c3 Nf6 4. d4 Nxe4 5. d5 Ne7 6. Nxe5 Ng6 7. Nxg6 hxg6 8.
Bd3 Nf6 9. O-O Bd6 10. h3 b6 11. Bg5 Bb7 12. c4 Be7 13. Nc3 O-O 14. Qc2 Nh5 15.
Bxe7 Qxe7 16. Rae1 Qh4 17. Kh2 Nf4 18. Re3 c6 19. Be4 Rae8 20. dxc6 Bxc6 21.
Bxc6 dxc6 22. Rfe1 Rxe3 23. Rxe3 Qg5 24. Rg3 Qe5 25. Qe4 Qc7 26. Rf3 Nd3+ 27.
g3 Nc5 28. Qc2 Ne6 29. Qe4 Ng5 30. Qf4 Nxf3+ 31. Qxf3 Re8 32. b3 a6 33. h4 b5
34. cxb5 axb5 35. Ne4 Qe5 36. Ng5 f6 37. Nh3 Qe4 38. Qc3 Rd8 39. Qa5 Rd1 40.
Ng1 Qe1 41. Qxe1 Rxe1 42. Nf3 Ra1 43. Nd4 Rc1 44. Kg2 b4 45. Kf3 Kf7 46. Ke3 c5
47. Nb5 Rc2 48. Nd6+ Ke6 49. Ne4 Kd5 {Time forfeit} 0-1

[Event "Rated Blitz game"]
[Site "?"]
[Date "2021.06.13"]
[Round "?"]
[White "maratgil"]
[Black "ni6co"]
[Result "1-0"]
[WhiteElo "2404"]
[BlackElo "2254"]
[PlyCount "145"]
[EventDate "2021.??.??"]
[EventType "blitz"]

1. e4 e5 2. Nf3 Nc6 3. c3 Nf6 4. d4 exd4 5. e5 Nd5 6. cxd4 Bb4+ 7. Bd2 Bxd2+ 8.
Qxd2 O-O 9. Nc3 Nxc3 10. bxc3 d6 11. Bb5 dxe5 12. Bxc6 bxc6 13. Nxe5 Qd5 14.
O-O c5 15. Rad1 Bb7 16. f3 Rad8 17. Ng4 h5 18. Ne3 Qg5 19. Qf2 cxd4 20. cxd4
Rfe8 21. Rfe1 c5 22. dxc5 Rxd1 23. Nxd1 Rxe1+ 24. Qxe1 Qxc5+ 25. Qf2 Qc1 26.
Qe1 Bc6 27. Kf2 Ba4 28. Ne3 Qb2+ 29. Qe2 Qe5 30. g3 Bb5 31. Qd2 h4 32. Qd8+ Be8
33. Qd2 hxg3+ 34. hxg3 Bc6 35. Qd8+ Qe8 36. Qxe8+ Bxe8 37. Nd5 f6 38. Ke3 Bf7
39. Nc3 Kf8 40. Kd4 Ke7 41. Kc5 Be8 42. Ne4 Ke6 43. Nd6 Bd7 44. Nc4 g5 45. Ne3
f5 46. Nd5 a5 47. f4 gxf4 48. gxf4 a4 49. Nb6 Be8 50. Kb4 Kd6 51. Kc4 Bf7+ 52.
Kd4 Bxa2 53. Nxa4 Be6 54. Nc5 Bc8 55. Nd3 Ke7 56. Ne5 Kf6 57. Kc5 Be6 58. Kd6
Bc8 59. Nf3 Bb7 60. Ng5 Be4 61. Nh7+ Kg6 62. Nf8+ Kf7 63. Ne6 Bb1 64. Ke5 Kg6
65. Nc7 Bc2 66. Nd5 Bb1 67. Ne7+ Kf7 68. Nxf5 Bxf5 69. Kxf5 Ke7 70. Kg6 Kf8 71.
Kf6 Ke8 72. Kg7 Ke7 73. f5 {Normal} 1-0

[Event "Rated Blitz game"]
[Site "?"]
[Date "2021.06.13"]
[Round "?"]
[White "MainsM"]
[Black "CivEn"]
[Result "0-1"]
[WhiteElo "2287"]
[BlackElo "2463"]
[PlyCount "106"]
[EventDate "2021.??.??"]
[EventType "blitz"]

1. e4 e5 2. Nf3 Nc6 3. c3 d6 4. d4 exd4 5. cxd4 Nf6 6. d5 Ne5 7. Nc3 Bg4 8. Be2
Nxf3+ 9. Bxf3 Bxf3 10. Qxf3 g6 11. Bg5 Bg7 12. O-O O-O 13. Rad1 Re8 14. Rfe1 h6
15. Bh4 g5 16. Bg3 Nd7 17. a3 Ne5 18. Bxe5 Bxe5 19. Qh5 Qf6 20. Re3 Qg6 21.
Qxg6+ fxg6 22. b4 a6 23. Kf1 g4 24. Ne2 h5 25. f3 gxf3 26. gxf3 Rf8 27. Kg2 Rf7
28. Rc1 Raf8 29. Rd3 g5 30. h3 Kg7 31. Rc2 Kg6 32. Rd1 g4 33. hxg4 hxg4 34.
fxg4 Rf2+ 35. Kg1 R2f3 36. a4 Kg5 37. Rxc7 Kxg4 38. Rxb7 Rg8 39. Kg2 Re3 40.
Kf2 Rf3+ 41. Ke1 Re3 42. Kd2 Rxe4 43. Rg1+ Kf3 44. Rxg8 Rxe2+ 45. Kd1 Ra2 46.
a5 Ke4 47. Rg4+ Kd3 48. Ke1 Bd4 49. Kf1 Rf2+ 50. Ke1 Rh2 51. Rg3+ Be3 52. Kf1
Rf2+ 53. Kg1 Ra2+ {Time forfeit} 0-1

[Event "Rated Blitz tournament eiv6vLhO"]
[Site "?"]
[Date "2021.06.13"]
[Round "?"]
[White "Zayats71"]
[Black "Okanchess"]
[Result "1-0"]
[WhiteElo "2678"]
[BlackElo "2303"]
[PlyCount "49"]
[EventDate "2021.??.??"]
[EventType "blitz"]

1. e4 e5 2. Nf3 Nc6 3. c3 Nf6 4. d4 exd4 5. e5 Ng4 6. cxd4 d5 7. Bb5 Bb4+ 8.
Nc3 O-O 9. O-O f6 10. h3 Nh6 11. Qa4 fxe5 12. Bxc6 Bxc3 13. Nxe5 Bxd4 14. Qxd4
bxc6 15. Bxh6 gxh6 16. Nxc6 Qg5 17. Qxd5+ Qxd5 18. Ne7+ Kg7 19. Nxd5 c6 20. Ne3
Ba6 21. Rfc1 Rf6 22. Rc5 Raf8 23. Ng4 Rg6 24. Rac1 h5 25. Rxh5 {Normal} 1-0

[Event "Rated Blitz tournament eiv6vLhO"]
[Site "?"]
[Date "2021.06.13"]
[Round "?"]
[White "Zayats71"]
[Black "Okanchess"]
[Result "1-0"]
[WhiteElo "2684"]
[BlackElo "2303"]
[PlyCount "79"]
[EventDate "2021.??.??"]
[EventType "blitz"]

1. e4 e5 2. Nf3 Nc6 3. c3 d6 4. d4 Bg4 5. Bb5 a6 6. Bxc6+ bxc6 7. dxe5 Bxf3 8.
Qxf3 dxe5 9. O-O Nf6 10. Rd1 Bd6 11. Nd2 O-O 12. Nc4 h6 13. Nxe5 Qe7 14. Nxc6
Qxe4 15. Qxe4 Nxe4 16. Be3 f5 17. f3 Nf6 18. Bd4 Rfe8 19. Re1 Nd5 20. g3 f4 21.
Kf2 fxg3+ 22. hxg3 Rf8 23. c4 Nb4 24. Nxb4 Bxb4 25. Re4 Rad8 26. a3 Rxd4 27.
Rxd4 Bc5 28. Rad1 Rb8 29. b4 Bxd4+ 30. Rxd4 a5 31. b5 a4 32. Rd7 Rb7 33. Ke3
Kh7 34. Ke4 Kg6 35. Kd5 Kf6 36. Kc6 Rb8 37. Kxc7 Rh8 38. b6 g5 39. g4 h5 40.
gxh5 {Normal} 1-0